Honore de Balzac ; a biography.

Bibliographic Details
Main Author: Hunt, Herbert James
Format: Book
Language:English
Published: London : University of London, Athlone Press, 1957.
Subjects:

MARC

Tag First Indicator Second Indicator Subfields
LEADER 00000cam a2200000 4500
001 in00000033985
005 20151007063403.0
008 720622s1957 enkc b 00000beng u
010 |a a 57005737  
020 |a 0837110481 
035 |a (OCoLC)00338705 
035 |9 AAD7278AM 
040 |c WSU  |d TXA  |d UtOrBLW 
049 |a TXAM  |c [284186] 
050 0 0 |a PQ2178  |b .H8 1969 
082 0 |a 843.7  |a B 
092 |a 843  |b B198Yh 
100 1 |a Hunt, Herbert James. 
245 1 0 |a Honore de Balzac ;  |b a biography. 
264 1 |a London :  |b University of London, Athlone Press,  |c 1957. 
300 |a xii, 198 pages :  |b portrait ;  |c 24 cm. 
336 |a text  |b txt  |2 rdacontent 
337 |a unmediated  |b n  |2 rdamedia 
338 |a volume  |b nc  |2 rdacarrier 
500 |a Imprint on mounted label: Fair Lawn, N.J., Essential Books. 
504 |a Bibliographical footnotes. 
600 1 0 |a Balzac, Honoré de,  |d 1799-1850. 
999 |a MARS 
999 f f |s 8c10b190-9827-3c76-80b5-c65c08031873  |i b9101d15-dd3a-36dc-bfc2-f0ba4fd3b2d4  |t 0 
952 f f |p ric  |a Texas A&M University  |b Rellis Campus  |c Joint Library Facility  |d Remote Storage  |t 0  |e PQ2178 .H8 1969  |h Library of Congress classification  |i unmediated -- volume  |m A14801367020 
998 f f |a PQ2178 .H8 1969  |t 0  |l Remote Storage